000 00783nam a2200301 a 4500
003 AR-BaBNM
005 20251128203601.0
008 082120s2002 ||||||||||||||000 | spa||
020 _a968-16-1456-9
040 _cAR-BaBNM
245 0 0 _aLenguaje y control
250 _a1ª ed.
260 _aMéxico, D.F.
_bFondo de Cultura Económica
_c1983
300 _a286 p.
490 0 _aLengua y Estudios Literarios
650 4 _aANALISIS LINGÜISTICO
650 4 _aANALISIS SEMANTICO
650 4 _aIDEOLOGIAS
650 4 _aMEDIOS DE COMUNICACION DE MASAS
650 4 _aSOCIEDAD DE MASAS
700 1 _aFowler, Roger
700 1 _aHodge, Bob
700 1 _aKress, Gunther
700 1 _aTrew, Tony
700 1 _aReyes, Valente
_etraductor
942 _cBK
998 _cisola
999 _c4003
_d4003